000 00386nam a2200121Ia 4500
008 151001s9999||||xx |||||||||||||| ||und||
100 _aवैशाली चिटणीस
245 _aम्हणी आणि म्हणीच्या गोष्टी
250 _a1
260 _bजयदीप प्रकाशन पुणे
300 _a38
365 _b21
999 _c983133
_d983130